| 000 | 00823cam a22002651 4500 | ||
|---|---|---|---|
| 001 | 77326 | ||
| 003 | BD-RjUL | ||
| 005 | 20211209082947.0 | ||
| 008 | 720504s1932 nyu 000 0 eng | ||
| 035 | _a(BD-RjUL)77551 | ||
| 040 |
_aDLC _cOYU _dOCoLC _dTNJ _dDLC _beng |
||
| 041 | _aeng | ||
| 082 |
_a821.8 _bWIP 1932 |
||
| 100 | 1 |
_aWilde, Oscar, _d1854-1900. _9240890 |
|
| 245 | 0 | 4 |
_aThe poems and fairy tales of Oscar Wilde./ _cOscar Wilde |
| 260 |
_aNew York; _bModern Library , _c[1932] |
||
| 300 |
_avii, 214 p. ; _c19 cm. |
||
| 490 | 0 | _aThe modern library of the world's best books ; | |
| 500 | _aFairy tales have separate pagination. | ||
| 650 | 0 |
_aFairy tales _zIreland. _9240891 |
|
| 906 |
_a7 _bcbc _coclcrpl _du _encip _f19 _gy-gencatlg |
||
| 942 |
_2ddc _cBK |
||
| 999 |
_c77326 _d77326 |
||